Chanson de Sardou avec une image pour indice 2 - Statistiques

Statistiques générales
  • Ce quiz a été pris 176 fois
  • Le résultat moyen est 3 sur 6
Statistiques - réponses
Par images Réponse % Correct
les lacs du connemara
93%
le France
79%
Afrique adieu
65%
vladimir illitch
65%
je vole
34%
l'aigle noir
13%
Aucun quiz correspondant
Distribution des résultats
% des personnes avec chaque résultat
Percentile par nombre de réponses
Votre historique - résultats
Vous n’avez pas pris ce quiz